000 00580nam a2200229Ia 4500
003 OSt
005 20220924144714.0
006 a|||||r|||| 00| 0
007 ta
008 220923b |||||||| |||| 00| 0 urd d
024 _a318863
037 _cTextual
040 _aARTS
_cARTS
_burd
041 _2urd
_aurd
082 _aO168,3NAQ,DG, K0
100 _aShafi Aqeel Au.
_9218237
245 0 _aDhal gai raat
260 _c1960
650 _aURDU FICTION
_93298
942 _hO168,3NAQ,DG, K0
_cTEXL
_2CC
999 _c458011
_d458011